Estudios filosóficos sobre el cristianismo

Đã lưu trong:
Chi tiết về thư mục
Tác giả chính: Nicolas, Auguste Nicolas, Augusto (autor)
Định dạng: Sách
Ngôn ngữ:Tiếng Tây Ban Nha
Được phát hành: Barcelona Librería Religiosa 1901
Phiên bản:6a. ed
Những chủ đề:
Các nhãn: Thêm thẻ
Không có thẻ, Là người đầu tiên thẻ bản ghi này!

MARC

LEADER 00000cam a2200000 a 4500
001 UCY0861
003 CL-VaPUC
008 940813e19010000SP |||||||||||||||||spa|d
082 0 4 |a 201  |b NIC  |2 21 
100 |a Nicolas, Auguste  |e autor  |q Nicolas, Augusto  |9 517826 
245 1 0 |a Estudios filosóficos sobre el cristianismo 
250 |a 6a. ed 
300 |a v 
942 |c BK 
945 |d 19940813 00:00:00  |a aalvarez 
260 |a Barcelona  |b Librería Religiosa  |c 1901 
650 0 |a Filosofía cristiana   |9 265980 
650 0 |a Cristianismo  |9 257361 
583 |a last modification  |c 20151217 11:41:24  |k Rodrigo Vera 
999 |c 229754  |d 229752 
952 |0 0  |1 0  |4 0  |6 201_000000000000000_NIC_1901  |7 0  |8 P  |9 231287  |a BIBTEO  |b BIBTES  |c TEO_FTES  |d 2019-11-15  |h v.3  |i 3007545  |o 201 NIC 1901  |p 3007545  |r 2024-01-18  |w 2019-11-15  |y BK  |k ICR 
952 |0 0  |1 0  |4 0  |6 201_000000000000000_NIC_1901  |7 0  |8 X  |9 231288  |a BIBDER  |b BIBDER  |d 2019-11-15  |h v.1  |i 1951475  |o 201 NIC 1901  |p 1951475  |r 2023-01-25  |w 2019-11-15  |y BK_X  |k DER 
952 |0 0  |1 0  |4 0  |6 201_000000000000000_NIC_1901  |7 0  |8 X  |9 231289  |a BIBDER  |b BIBDER  |d 2019-11-15  |h v.2  |i 1951424  |o 201 NIC 1901  |p 1951424  |r 2023-01-25  |w 2019-11-15  |y BK_X  |k DER 
952 |0 0  |1 0  |3 erd  |4 0  |6 201_000000000000000_NIC_1901  |7 0  |8 P  |9 231290  |a BIBTEO  |b BIBTES  |c TEO_FTES  |h t.3  |i 527446K  |o 201 NIC 1901  |p 527446K  |r 2024-01-18  |w 2019-11-15  |y BK  |z Catalogado en:20151218  |k ICR